| 000 | 00708nam a22002177a 4500 | ||
|---|---|---|---|
| 001 | 45781 | ||
| 003 | BD-RjUL | ||
| 005 | 20211209054052.0 | ||
| 008 | 160728r19621925enk||||| |||| 001 0 eng d | ||
| 035 | _a(BD-RjUL)45899 | ||
| 040 |
_aBD-RjUL _beng _cBD-RjUL |
||
| 041 | _aeng | ||
| 082 |
_223 _a341 _bBRI 1962 |
||
| 245 | 1 | 4 |
_aThe british year book of international law 1925 : _bsixth year of issue / _ceditors Cecil Hurst ; A Pearce Higgins |
| 260 |
_aLondon : _bOxford University press, _c1925 [Reprint 1962] |
||
| 300 |
_avi, 273 p. ; _c21 cm. |
||
| 650 |
_aInternational law _9139846 _vPeriodicals. |
||
| 700 |
_aHurst, Cecil ; _9140031 |
||
| 700 |
_aHiggins, A Pearce _9140032 |
||
| 942 |
_2ddc _cBK |
||
| 999 |
_c45781 _d45781 |
||